| 000 | 00465nam a2200205Ia 4500 | ||
|---|---|---|---|
| 001 | 11667 | ||
| 003 | GE_BSU | ||
| 008 | 181216s||||||||xx |||||||||||||| ||und|| | ||
| 020 | _a9780340718209 | ||
| 040 | _cGE_BSU | ||
| 080 | _a821.111-32 | ||
| 100 | _aKing,Stephen. | ||
| 245 | _aBag of bones. | ||
| 260 | _aLondon. | ||
| 260 | _bNew English Library,Hodder and Stoughton. | ||
| 260 | _c1999. | ||
| 300 | _a660p;18cm. | ||
| 653 | _aBag of bones. | ||
| 942 | _cBK | ||
| 999 |
_c44853 _d44853 |
||